|
|
|
|
| LEADER |
01611nam a22003492a 4500 |
| 001 |
000058002 |
| 003 |
CZ BrMZK |
| 005 |
20151030110304.0 |
| 007 |
ta |
| 008 |
010907s1950 xr f cze d |
| 015 |
|
|
|a cnb000715976
|
| 035 |
|
|
|a (OCoLC)85438158
|
| 040 |
|
|
|a BOA001
|b cze
|c BOA002
|d BOA001
|
| 041 |
1 |
|
|a cze
|h ger
|
| 100 |
1 |
|
|a Becher, Johannes R.,
|d 1891-1958
|7 jn19990000620
|4 aut
|
| 245 |
1 |
0 |
|a Osvobození :
|b německá kultura a národní jednota /
|c Johannes Robert Becher ; přeložil Emanuel Tilsch
|
| 250 |
|
|
|a 1. vyd.
|
| 260 |
|
|
|a Praha :
|b Československý spisovatel,
|c 1950
|
| 300 |
|
|
|a 75 s.
|
| 490 |
1 |
|
|a Knihovnička Varu (Československý spisovatel) ;
|v sv. 16
|
| 500 |
|
|
|a Přeloženo z němčiny
|
| 500 |
|
|
|a Dostupné též v digitální podobě v aplikaci Kramerius
|
| 700 |
1 |
|
|a Tilsch, Emanuel,
|d 1906-1990
|7 jk01132479
|4 trl
|
| 830 |
|
0 |
|a Knihovnička Varu (Československý spisovatel)
|0 s
|
| 856 |
4 |
1 |
|u http://www.digitalniknihovna.cz/mzk/uuid/uuid:27555020-3827-11e4-8f64-005056827e52
|y Digitalizovaný dokument
|x NDK
|
| 910 |
|
|
|a BOA001
|b 2-0261.588
|b PK-0000.394
|
| 964 |
|
|
|a Německo demokratické - politika kulturní - projevy
|
| 990 |
|
|
|a BK
|
| 996 |
6 |
|
|b 2618721723
|c 2-0261.588
|l MZK
|r Sklad / do 24 hodin
|n 0
|w 000058002
|u 000040
|a 1
|e BOA001
|j MZK50
|s P
|
| 996 |
7 |
|
|b 2618721724
|c 2-0261.588
|l MZK
|r Sklad / do 24 hodin
|n 0
|w 000058002
|u 000030
|a 1
|e BOA001
|j MZK50
|s A
|
| 996 |
7 |
|
|b 3119684904
|c PK-0000.394
|l MZK
|r Sklad / do 1 hodiny
|n 0
|w 000058002
|u 000020
|a 1
|e BOA001
|j MZK50
|s A
|
| 996 |
7 |
|
|b 3119974846
|c PK-0000.394
|l MZK
|r Sklad / do 1 hodiny
|n 2
|w 000058002
|u 000010
|a 1
|e BOA001
|j MZK50
|s A
|